|
|
|
|
| LEADER |
00937nam a22002417a 4500 |
| 001 |
BD-DhAAL |
| 003 |
BD-DhAAL |
| 005 |
20160318200934.0 |
| 008 |
160318s 2009bg ||||| b||| 00| 0 ben d |
| 020 |
|
|
|a 9844081491
|
| 040 |
|
|
|a BD-DhAAL
|c BD-DhAAL
|
| 082 |
|
|
|2 22
|a 891.44
|
| 100 |
|
|
|a আলম, মাহবুবুল
|9 18602
|
| 245 |
|
|
|a বাংলাদেশের সাহিত্য /
|c মাহবুবুল আলম
|
| 250 |
|
|
|a 1st ed.
|
| 260 |
|
|
|a ঢাকা :
|b খান ব্রাদার্স,
|c ২০০৯
|
| 300 |
|
|
|a ৭৬৮ পৃ. ;
|c ২২ সে.মি.
|
| 504 |
|
|
|6 Includes bibliography
|
| 650 |
|
|
|a Bengali Literature
|9 18603
|
| 852 |
|
|
|a Savar Campus Library
|c General Stacks
|
| 942 |
|
|
|2 ddc
|c BK
|
| 999 |
|
|
|c 37150
|d 37150
|
| 952 |
|
|
|0 0
|1 0
|2 ddc
|4 0
|6 891_440000000000000_ALA
|7 0
|9 58420
|a SCL
|b SCL
|c GEN
|d 2016-03-18
|g 450.00
|l 4
|m 4
|o 891.44 ALA
|p 3020007296
|r 2026-04-29
|s 2026-04-26
|t 1
|w 2016-03-18
|y BK
|